| 000 | 00731nam a2200205Ia 4500 | ||
|---|---|---|---|
| 003 | GCL | ||
| 008 | 140319s9999 xx 000 0 ara d | ||
| 040 |
_aGCL / _cGCL |
||
| 082 | 0 | 4 |
_a214.6 _bا ط |
| 100 | 1 | _aاحمد شوقى الفنجرى | |
| 245 | 1 | 0 |
_aالطب الوقائى فى الاسلام: تعاليم الاسلام الطبية فى ضوء العلم الحديث / _cاحمد شوقى الفنجرى |
| 260 |
_a[S.N] : _bالهيئة المصرية العامة للكتاب ، _c1991 |
||
| 490 | _a | ||
| 650 | 0 | 4 | _aالطب |
| 650 | 0 | 4 | _aالاسلام والعلم |
| 650 | 0 | 4 | _aالصحة العامة |
| 650 | 0 | 4 | _aالاسلام والطب |
| 650 | 0 | 4 | _aالصحة الوقائية |
| 942 |
_2ddc _cBK |
||
| 999 |
_c58849 _d58849 |
||